000 00693nam a22001937a 4500
008 130821s1943 ag gr spa
040 _aCo-BoUCM
_bspa
041 0 0 _aspa
092 _aFN 000102
100 _aTagore, Rabindranath
_d1861-1941
_965734
245 0 4 _aLas piedras hambrientas
_cRabindranath Tagore, traducción de M. L
260 _aBuenos Aires (Argentina)
_bEditorial Glem
_c1943
300 _a157 páginas
500 _aPremio Nóbel de Literatura en 1913. -- Incluye índice. -- Este libro se encuentra en el depósito de la biblioteca
650 0 4 _aLiteratura hindú
_918667
650 0 4 _aNovela hindú
_920510
700 _aM. L.
_eTr
_9170814
942 _cLIBRO
_a27
_e1
_n0
999 _c85488
_d85488